Countries of the World - Type the Highlighted Country - Statistics

General Stats
  • This quiz has been taken 22 times
  • The average score is 121 of 196
Answers on the Map
Answers color-coded by a green-red scale on the quiz's map according to % correct below.
 
Answer Stats
Country % Correct
Kazakhstan
81%
Panama
81%
Bahamas
75%
Saint Vincent and the Grenadines
75%
Trinidad and Tobago
75%
Indonesia
75%
Lesotho
75%
Maldives
75%
North Korea
75%
Norway
75%
Seychelles
75%
Albania
69%
Algeria
69%
Argentina
69%
Bhutan
69%
Bulgaria
69%
Burundi
69%
Colombia
69%
Comoros
69%
Costa Rica
69%
Cuba
69%
Czech Republic
69%
Antigua and Barbuda
69%
Dominican Republic
69%
East Timor
69%
Finland
69%
France
69%
Georgia
69%
Greece
69%
Guatemala
69%
Guinea-Bissau
69%
Iceland
69%
Ireland
69%
Liberia
69%
Malawi
69%
Mali
69%
Marshall Islands
69%
Montenegro
69%
Mozambique
69%
Nepal
69%
New Zealand
69%
Nicaragua
69%
Nigeria
69%
North Macedonia
69%
Saint Lucia
69%
Sweden
69%
Switzerland
69%
Syria
69%
Taiwan
69%
Togo
69%
Tonga
69%
Zimbabwe
69%
Afghanistan
63%
Angola
63%
Australia
63%
Bahrain
63%
Barbados
63%
Belize
63%
Benin
63%
Brazil
63%
Brunei
63%
Cambodia
63%
Cameroon
63%
Cape Verde
63%
Chad
63%
China
63%
Cyprus
63%
Equatorial Guinea
63%
Saint Kitts and Nevis
63%
São Tomé and Príncipe
63%
D. R. Congo
63%
El Salvador
63%
Eswatini
63%
Ethiopia
63%
F. S. Micronesia
63%
Gabon
63%
Grenada
63%
Guinea
63%
Guyana
63%
Israel
63%
Ivory Coast
63%
Jamaica
63%
Japan
63%
Jordan
63%
Kenya
63%
Kiribati
63%
Kosovo
63%
Kyrgyzstan
63%
Latvia
63%
Libya
63%
Lithuania
63%
Luxembourg
63%
Mauritius
63%
Mexico
63%
Monaco
63%
Morocco
63%
Myanmar
63%
Netherlands
63%
Oman
63%
Pakistan
63%
Peru
63%
Philippines
63%
Poland
63%
Portugal
63%
Qatar
63%
Romania
63%
Russia
63%
Samoa
63%
San Marino
63%
Slovakia
63%
Slovenia
63%
Solomon Islands
63%
South Korea
63%
South Sudan
63%
Spain
63%
Sri Lanka
63%
Sudan
63%
Suriname
63%
Tajikistan
63%
Tanzania
63%
Thailand
63%
Uganda
63%
Ukraine
63%
Uruguay
63%
Uzbekistan
63%
Vanuatu
63%
Vatican City
63%
Venezuela
63%
Vietnam
63%
Zambia
63%
Armenia
56%
Austria
56%
Bangladesh
56%
Belarus
56%
Belgium
56%
Bolivia
56%
Bosnia and Herzegovina
56%
Botswana
56%
Canada
56%
Chile
56%
Croatia
56%
Denmark
56%
Papua New Guinea
56%
Republic of the Congo
56%
United Arab Emirates
56%
Dominica
56%
Ecuador
56%
Egypt
56%
Eritrea
56%
Estonia
56%
Germany
56%
Ghana
56%
Honduras
56%
India
56%
Iran
56%
Iraq
56%
Italy
56%
Kuwait
56%
Laos
56%
Liechtenstein
56%
Madagascar
56%
Malaysia
56%
Mauritania
56%
Mongolia
56%
Nauru
56%
Niger
56%
Paraguay
56%
Rwanda
56%
Senegal
56%
Serbia
56%
Singapore
56%
Somalia
56%
South Africa
56%
Tunisia
56%
Turkey
56%
Turkmenistan
56%
United States
56%
Yemen
56%
Andorra
50%
Azerbaijan
50%
Central African Republic
50%
Djibouti
50%
Fiji
50%
Gambia
50%
Haiti
50%
Hungary
50%
Lebanon
50%
Malta
50%
Moldova
50%
Namibia
50%
Palau
50%
Saudi Arabia
50%
Sierra Leone
50%
Tuvalu
50%
United Kingdom
50%
Burkina Faso
44%
No matching quizzes found
Score Distribution
Percent of People with Each Score
Percentile by Number Answered
Your Score History
You have not taken this quiz